Normal view
MARC view
Entry Personal Name
001 - CONTROL NUMBER
- control field: 6505
003 - CONTROL NUMBER IDENTIFIER
- control field: OSt
005 - DATE AND TIME OF LATEST TRANSACTION
- control field: 20190108150153.0
008 - FIXED-LENGTH DATA ELEMENTS
- fixed length control field: 190108|| aca||aabn | a|a d
040 ## - CATALOGING SOURCE
- Original cataloging agency: OSt
- Transcribing agency: OSt
100 ## - HEADING--PERSONAL NAME
- Personal name: Riordan, Rick
670 ## - SOURCE DATA FOUND
- Source citation: Work cat.: (OSt)14924: Riordan, Rick, The Red Pyramid /, 2010.